Baffling country names in their own language - Statistics

General Stats
  • This quiz has been taken 71 times
  • The average score is 12 of 17
Answer Stats
Name Answer % Correct
Nihon Japan
94%
Magyarország Hungary
92%
Suomi Finland
91%
Lietuva Lithuania
86%
Shqipëria Albania
82%
Hrvatska Croatia
82%
Aotearoa New Zealand
76%
Cymru Wales
73%
Crna Gora Montenegro
70%
Ellada Greece
68%
Bharat India
67%
Sakartvelo Georgia
61%
Hayastan Armenia
59%
Misr Egypt
55%
Alba Scotland
53%
Daehan Korea
42%
Breizh Brittany
27%
No matching quizzes found
Score Distribution
Percent of People with Each Score
Percentile by Number Answered
Your Score History
You have not taken this quiz